1414 1276 1106 1886 1687 1140 1391 1772 1744 1962 1930 1234 1141 1426 1965 1199 1389 1682 1981 1218 1382 1893 1077 1614 1971 1421 1625 1428 1006 1485 1380 1350 1160 1266 1600 1809 1843 1755 1366 1741 1945 1235 1817 1335 1518 1795 1505 1668 1178 1806 1419 1760 1316 1182 1884 1017 1085 1397 1917 1726 1553 1332 1666 1723 1936 1622 1143 1616 1897 1140 1721 1608 1411 1708 1738 1762 1954 1348 1095 1462 1600 1384 1465 1202 1798 1141 1501 1324 1756 1240 1465 1785 1096 1037 1204 1222 1584 1547 1607 BCNSPRNW ULIB Ver.6.0+V

เปลี่ยนเป็นภาษาไทย

Change to English
 แสดงรายละเอียดบรรณานุกรม
  กลับหน้าหลัก

Brief Record : Get Marc (ISO 2709) : E-mail record : QR code < ปิดหน้าต่าง
LEADER : 00000nam 2200000uu 4500
001    13399108913
003     ULIB
008    110316s2547||||th 000 0 tha d
020    9789740955016
060 04 WY20.5^bบ418ร 2547
100 0  บุญใจ ศรีสถิตย์นรากูร
245 10 ระเบียบวิธีการวิจัยทางพยาบาลศาสตร์ =^bThe methodology innursing research /^cบุญใจ ศรีสถิตย์นรากูร
246 31 The methodology in nursing research
250    พิมพ์ครั้งที่ 3
260    กรุงเทพฯ :^bคณะพยาบาลศาสตร์ จุฬาลงกรณ์มหาวิทยาลัย,^c2547
300    568 หน้า :^bภาพประกอบ ;^c26 ซม.
650  7 การพยาบาล^xวิจัย^xวิธีวิทยา
650  7 การพยาบาล^xการศึกษาและการสอน
650  7 วิจัย
710 2  จุฬาลงกรณ์มหาวิทยาลัย. ^bคณะพยาบาลศาสตร์
945    ^p350^l0^i016795
945    ^p350^l0^i016794
945    ^p350^l0^i016793
995    เกษร
999 ^a ใช้งานได้ทุกระบบ
รายการนี้ยังไม่มีแท็ก
คุณยังไม่ได้ล็อกอิน คุณสามารถมีกิจกรรมร่วมกับเว็บไซต์ได้ แต่ต้องล็อกอินก่อน ::
  ล็อกอิน

รายการสื่อสารสนเทศ

ลำดับที่ ประเภท เลขเรียก/บาร์โค้ด สถานที่ สถานะ
- ไม่พบข้อมูล -

รายการใกล้เคียง
    ผู้แต่ง [บุญใจ ศรีสถิตย์นรากูร]

    หัวเรื่อง [วิจัย]

BibComment


ยังไม่เคยถูกคอมเมนท์

คอมเมนท์ทรัพยากรรายการนี้
  คอมเมนท์: ระเบียบวิธีการวิจ..


 Copyright 2026. Bcnsprnw @Library